[Event "AUT-chT2O 1516"]
[Site "Austria"]
[Date "2015.11.28"]
[Round "3.4"]
[White "Wiedermann, Daniel"]
[Black "Strodl, Joachim"]
[Result "1-0"]
[WhiteElo "2135"]
[BlackElo "2120"]
[PlyCount "77"]
[EventDate "2015.10.17"]
[EventType "team-tourn"]
[EventRounds "11"]
[EventCountry "AUT"]
[SourceTitle "EXT 2017"]
[Source "ChessBase"]
[SourceDate "2016.10.25"]
[SourceVersion "1"]
[SourceVersionDate "2016.10.25"]
[SourceQuality "1"]
[WhiteTeam "Purbach"]
[BlackTeam "Mattersburg"]
[WhiteTeamCountry "AUT"]
[BlackTeamCountry "AUT"]

1. d4 g6 2. c4 Bg7 3. e4 d6 4. Nc3 e5 5. Nge2 exd4 6. Nxd4 Nc6 7. Be3 Nge7 8. h4 h5 9. Qd2 0-0 10. 0-0-0 Nxd4 11. Bxd4 Bxd4 12. Qxd4 Nc6 13. Qe3 Be6 14. c5 Qe7 15. cxd6 cxd6 16. Qg3 Rfd8 17. Be2 Kh7 18. Kb1 Rac8 19. Qf4 Nb4 20. Rd4 d5 21. g4 Nc6 22. Rd2 hxg4 23. Nxd5 Bxd5 24. exd5 Ne5 25. h5 g5 26. Qe4+ Kh8 27. Bxg4 Rc4 28. Rd4 Rxd4 29. Qxd4 f6 30. Bd1 Qd7 31. Bb3 Qf5+ 32. Bc2 Qf3 33. Rd1 b6 34. d6 Kg7 35. Be4 Qf4 36. h6+ Kh8 37. Qd5 b5 38. Qb7 Nd7 39. f3 1-0

[Event "AUT-chT2O 1415"]
[Site "Austria"]
[Date "2015.03.07"]
[Round "10.6"]
[White "Strodl, Joachim"]
[Black "Dragnev, Valentin"]
[Result "1/2-1/2"]
[WhiteElo "2084"]
[BlackElo "2272"]
[PlyCount "142"]
[EventDate "2014.10.18"]
[EventType "team-tourn"]
[EventRounds "11"]
[EventCountry "AUT"]
[SourceTitle "EXT 2016"]
[Source "ChessBase"]
[SourceDate "2015.10.08"]
[SourceVersion "1"]
[SourceVersionDate "2015.10.08"]
[SourceQuality "1"]
[WhiteTeam "Mattersburg"]
[BlackTeam "Hietzing/Ottakring"]
[WhiteTeamCountry "AUT"]
[BlackTeamCountry "AUT"]

1. c4 Nf6 2. Nc3 g6 3. Nf3 Bg7 4. g3 0-0 5. Bg2 d6 6. 0-0 Nbd7 7. Rb1 a5 8. a3 Nb6 9. d3 a4 10. Be3 Bd7 11. Bxb6 cxb6 12. Nd4 Qb8 13. Ndb5 Ra5 14. Nxa4 Bxb5 15. cxb5 Rxb5 16. Nc3 Re5 17. Qb3 Nd7 18. d4 Rh5 19. Rfd1 e6 20. Qb4 Rc8 21. e3 Ra5 22. Bf1 Bf8 23. d5 Qc7 24. dxe6 fxe6 25. Qg4 Re8 26. Nb5 Qb8 27. b4 Ra8 28. Qd4 d5 29. f4 Bg7 30. Qd3 Nf6 31. Rbc1 Re7 32. Rc2 e5 33. Bh3 Qd8 34. Rdc1 Qf8 35. Nc7 Rb8 36. Nxd5 Nxd5 37. Qxd5+ Kh8 38. Rc8 Rxc8 39. Rxc8 Re8 40. Qxb7 exf4 41. gxf4 Rxc8 42. Qxc8 Qxc8 43. Bxc8 Bb2 44. a4 Bc3 45. b5 Kg7 46. Kf2 Kf6 47. Kf3 g5 48. fxg5+ Kxg5 49. Ke4 Kf6 50. Kd5 Bd2 51. e4 Bc3 52. Bf5 h6 53. h3 Ba5 54. Bh7 Bc3 55. Bg8 Kg7 56. Kc6 Bd4 57. Bb3 Kf6 58. a5 bxa5 59. Kd5 Be5 60. Kc6 Bb8 61. Kd5 Bc7 62. Ba4 Bf4 63. b6 Bg3 64. Bc6 Bf2 65. e5+ Ke7 66. b7 Ba7 67. e6 Bb8 68. Bd7 Bd6 69. Kc4 a4 70. Bc8 a3 71. Kb3 Kd8 1/2-1/2